Taylor Swift Imagery in Pictures #2 - Statistics

General Stats
  • This quiz has been taken 235 times
  • The average score is 9 of 15
Answer Stats
Question Answer % Correct
Ladies and gentlemen, will you please stand? With every _______ on my hand.
82%
The idea you had of me, who was she? A never-needy, every-lovely ______
80%
I looked around in a ________ and I saw something they can't take away.
80%
It's a ________ kind of rush and I never knew I could feel that much.
75%
We gather _______, never knowing what they'll mean.
74%
And so it goes, you two are dancing in a ______ round and round.
63%
I'd meet you where the spirit meets the _______.
58%
You're not my _______ anymore. So what am I defending now?
58%
A slow-motion, love potion, _________ in the ocean
52%
'Cause once your queen had come, you treat her like _______.
48%
So I leap from the ______ and I levitate down your street.
45%
Hoping it will end up in his pocket, but he leaves you out like ________.
45%
His hand, so calloused from ________ softly traces hearts on my face.
44%
The night we snuck into a _______ party pretending to be a duchess and a prince.
41%
I knew you, heartbeat on the _______
16%
No matching quizzes found
Score Distribution
Percent of People with Each Score
Percentile by Number Answered
Your Score History
You have not taken this quiz